000 00471nam a2200181Ia 4500
003 LK-CoDNM
008 010623t2008 xxu||||| |||| 00| 1 sin d
040 _aLK-CoDNM
_dLK-CoDNM
_eLK-CoDNM
041 _asin
080 _a398.2
_bRAN
100 _aRanasinghe, Chandrasri
245 _aලොව වටා ජන කථා
246 _aLova vataa janakathaa
260 _bS.Godage
_aColombo
_c2008
300 _b(xxi)182, 22 cm
650 _aFolk Tales
942 _cBK
999 _c128013
_d128013